logo

Bir Sreshtho Munshi Abdur Rouf Library
Jhenaidah Cadet College

Sapiens : (Record no. 14403)

MARC details
000 -LEADER
fixed length control field 00727nam a2200229 a 4500
001 - CONTROL NUMBER
JCCL Control Number 14403
003 - CONTROL NUMBER IDENTIFIER
JCCL marc code BD-JhCC
005 - DATE AND TIME OF LATEST TRANSACTION
control field 20250910091233.0
008 - FIXED-LENGTH DATA ELEMENTS--GENERAL INFORMATION
fixed length control field 250910b2021 nyua|||| ||a| 001 0 eng d
020 ## - INTERNATIONAL STANDARD BOOK NUMBER
International Standard Book Number 9781787333765
035 ## - SYSTEM CONTROL NUMBER
system control number (BD-JhCC)14403
040 ## - CATALOGING SOURCE
Original cataloging agency BD-JhCC
Modifying agency BD-JhCC
041 ## - LANGUAGE CODE
Language code of Book english
082 ## - DEWEY DECIMAL CLASSIFICATION NUMBER
DDC Edition number 23
Classification number 909
Author mark and Year HAR 2021
100 ## - MAIN ENTRY--PERSONAL NAME
Personal name Harari,Yuval Noah
245 ## - TITLE STATEMENT
Title Sapiens :
Remainder of title a graphic history /
Statement of responsibility, etc Yuval Noah Harari.
260 ## - PUBLICATION, DISTRIBUTION, ETC. (IMPRINT)
Place of publication, distribution, etc London:
Name of publisher, distributor, etc Jonathan Cape;
Date of publication, distribution, etc 2021.
300 ## - PHYSICAL DESCRIPTION
Pagination 256 p. :
Other physical details ill;
Dimensions 29 cm.
490 ## - SERIES STATEMENT
Series statement Sapiens, Book 1
650 ## - SUBJECT ADDED ENTRY--TOPICAL TERM
Topical term or geographic name as entry element Bandes dessinées autres que de fiction
General subdivision Civilization History Comic books, strips, etc
Geographic subdivision Human beings History Comic books, strips, etc
942 ## - ADDED ENTRY ELEMENTS (KOHA)
Source of classification or shelving scheme Dewey Decimal Classification
Koha item type Books
Holdings
Source of classification or shelving scheme volume number Damaged status Not for loan Collection code Home library Current library Shelving location Date of accession Cost, normal purchase price Total Checkouts Full call number Barcode Checked out Date last seen Date checked out Copy number Method of acquisition Koha item type Currency
Dewey Decimal Classification V-2     Non-fiction JCC Rouf Library JCC Rouf Library General Stacks   1880.00 2 909 HAR 2021 20261 02/15/2026 01/21/2026 01/21/2026 C-1 Purchase Books BDT
Dewey Decimal Classification V-2     Non-fiction JCC Rouf Library JCC Rouf Library General Stacks   1880.00 1 909 HAR 2021 20262 11/27/2025 11/03/2025 11/03/2025 C-2 Purchase Books BDT

JCC Library | Contacts | JCC Home

Last Update on 23 September 2017
Copyright @ 2017-2020 JCC Rouf Library
Rouf Library, Jhenidah Cadet College (JCC), Bangladesh